Normal view
MARC view
- Diallo, Demba.
Entry Personal Name
001 - CONTROL NUMBER
- control field: 53917
003 - CONTROL NUMBER IDENTIFIER
- control field: OSt
005 - DATE AND TIME OF LATEST TRANSACTION
- control field: 20240301142025.0
008 - FIXED-LENGTH DATA ELEMENTS
- fixed length control field: 240301|| aca||aabn | a|a d
040 ## - CATALOGING SOURCE
- Original cataloging agency: OSt
- Transcribing agency: OSt
100 ## - HEADING--PERSONAL NAME
- Personal name: Diallo, Demba.
- Relator term: author.
670 ## - SOURCE DATA FOUND
- Source citation: Work cat.: (OSt): Heydari, Elaheh. author. 53915, A dual-function power decoupling circuit for single-stage grid-connected PV inverter /, June 2022.
